The wonder that was India: (Record no. 332307)
[ view plain ]
| 000 -LEADER | |
|---|---|
| fixed length control field | 00980 a2200229 4500 |
| 003 - CONTROL NUMBER IDENTIFIER | |
| control field | NUST |
| 005 - DATE AND TIME OF LATEST TRANSACTION | |
| control field | 20171123104018.0 |
| 008 - FIXED-LENGTH DATA ELEMENTS--GENERAL INFORMATION | |
| fixed length control field | 171123b xxu||||| |||| 00| 0 eng d |
| 020 ## - INTERNATIONAL STANDARD BOOK NUMBER | |
| International Standard Book Number | 9694073388 |
| 040 ## - CATALOGING SOURCE | |
| Transcribing agency | 0 |
| 082 ## - DEWEY DECIMAL CLASSIFICATION NUMBER | |
| Classification number | 954 BAS |
| 100 ## - MAIN ENTRY--PERSONAL NAME | |
| Personal name | Basham, A. L. |
| 9 (RLIN) | 6724 |
| 245 ## - TITLE STATEMENT | |
| Title | The wonder that was India: |
| Remainder of title | a survey of the history and culture of the Indian sub-continent before the coming of the Muslims |
| Statement of responsibility, etc. | A. L. Basham. |
| 250 ## - EDITION STATEMENT | |
| Edition statement | 3rd ed |
| 260 ## - PUBLICATION, DISTRIBUTION, ETC. | |
| Place of publication, distribution, etc. | pakistan |
| Name of publisher, distributor, etc. | Royal Book Company |
| Date of publication, distribution, etc. | 2004 |
| 300 ## - PHYSICAL DESCRIPTION | |
| Extent | 572p. |
| 500 ## - GENERAL NOTE | |
| General note | P.B |
| 505 ## - FORMATTED CONTENTS NOTE | |
| Formatted contents note | Introduction (page-1) Prehistory (page-10) History (page-45) The State (page-80) Society (page-138) Everyday Life (page-191) Religion (Page-234) The Arts (page-348) Language and Literature 9Page-388) Epilogue (Page-481) |
| 538 ## - SYSTEM DETAILS NOTE | |
| System details note | Almirah No.60 Shelf No.1 |
| 600 ## - SUBJECT ADDED ENTRY--PERSONAL NAME | |
| Personal name | by] A. L. Basham. |
| 9 (RLIN) | 6725 |
| 650 ## - SUBJECT ADDED ENTRY--TOPICAL TERM | |
| Topical term or geographic name entry element | Wonder that was india |
| 9 (RLIN) | 6726 |
| 942 ## - ADDED ENTRY ELEMENTS (KOHA) | |
| Source of classification or shelving scheme | |
| Koha item type | Book |
| Call number prefix | IESE |
| Withdrawn status | Lost status | Source of classification or shelving scheme | Damaged status | Not for loan | Collection code | Permanent Location | Current Location | Shelving location | Date acquired | Total Checkouts | Total Renewals | Full call number | Barcode | Date last seen | Date last checked out | Price effective from | Koha item type |
|---|---|---|---|---|---|---|---|---|---|---|---|---|---|---|---|---|---|
| Institute of Environmental Science and Engineering (IESE) | Institute of Environmental Science and Engineering (IESE) | General Stacks | 11/23/2017 | 1 | 2 | 954 BAS | IESE-1481 | 07/18/2022 | 02/04/2022 | 11/23/2017 | Book | ||||||
| Institute of Environmental Science and Engineering (IESE) | Institute of Environmental Science and Engineering (IESE) | General Stacks | 11/23/2017 | 954 BAS | IESE-1480 | 11/23/2017 | 11/23/2017 | Book |
